Dicha de vivir (Record no. 75775)

MARC details
000 -LEADER
campo de control de longitud fija 00670nam a2200205 i 4500
001 - NÚMERO DE CONTROL
campo de control 75775
003 - IDENTIFICADOR DE NÚMERO DE CONTROL
campo de control ES-MaACL
005 - FECHA Y HORA DE LA ÚLTIMA TRANSACCIÓN
campo de control 20250807081302.0
007 - CAMPO FIJO DE DESCRIPCIÓN FÍSICA--INFORMACIÓN GENERAL
campo de control de longitud fija t|
008 - DATOS DE LONGITUD FIJA--INFORMACIÓN GENERAL
campo de control de longitud fija 040927s1960 sp |||| | spa d
100 1# - ENTRADA PRINCIPAL--NOMBRE DE PERSONA
Nombre de persona Guarise, Serafino.
9 (RLIN) 60337
245 10 - MENCIÓN DEL TÍTULO
Título Dicha de vivir
Resto del título : (psicología del noviazgo y del matrimonio) /
Mención de responsabilidad, etc. Serafino Guarise ; versión española por José Zahonero Vivó.
260 ## - PUBLICACIÓN, DISTRIBUCIÓN, ETC.
Lugar de publicación, distribución, etc. Alcoy :
Nombre del editor, distribuidor, etc. Marfil,
Fecha de publicación, distribución, etc. 1960 (
Fabricante Imp. Artística)
300 ## - DESCRIPCIÓN FÍSICA
Extensión 268 p. ;
Dimensiones 25 cm.
650 07 - PUNTO DE ACCESO ADICIONAL DE MATERIA--TÉRMINO DE MATERIA
Término de materia o nombre geográfico como elemento de entrada Matrimonio
Fuente del encabezamiento o término embne
9 (RLIN) 14855
650 04 - PUNTO DE ACCESO ADICIONAL DE MATERIA--TÉRMINO DE MATERIA
Término de materia o nombre geográfico como elemento de entrada Noviazgo.
9 (RLIN) 15640
700 1# - ENTRADA AGREGADA--NOMBRE PERSONAL
Nombre de persona Zahonero Vivó, José.
9 (RLIN) 117851
852 ## - LOCALIZACIÓN
Ubicación ES-MaACL
Número de control de estantería C-18662
Holdings
Estatus retirado Estado de pérdida Estado de daño No para préstamo Biblioteca de origen Biblioteca actual Ubicación en estantería Fecha de adquisición Fuente de adquisición Total de préstamos Signatura topográfica completa Código de barras Visto por última vez Precio de reemplazo Tipo de ítem Koha
        Biblioteca del Ateneo de Madrid Biblioteca del Ateneo de Madrid Galería 17/01/2008     C-18662 1079312 23/02/2023 23/02/2023 Libro impreso